000 00323nam a22001457a 4500
003 SGT
082 _a384
_bT98G
100 _aGOONA SEKERA,ANURA
245 _aTV WITHOUT BORDERS ASIA SPEAKS OUT
250 _a1ST
260 _aSINGAPORE
_bAMIC
_c1998
300 _a330
650 _aMASS COMMUNICATION
942 _2ddc
_cBK
_01
999 _c12962
_d12962